Návrh využívania prírodného liečivého zdroja

Na minha lista:
Detalhes bibliográficos
Autor principal: Greculová, Monika, 1988- (Author)
Outros Autores: Božíková, Jarmila, 1955- (Thesis advisor)
Formato: Manuscrito Livro
Idioma:eslovaco
Publicado em: Bratislava : STU v Bratislave SvF, 2014
Assuntos:
Acesso em linha:VAIS
Tags: Adicionar Tag
Sem tags, seja o primeiro a adicionar uma tag!

MARC

LEADER 00000ntm a22000003a 4500
001 stu297223
005 20150617230308.4
008 140919s2014----xo------------------slo-d
040 |a STU  |b slo 
041 0 |a slo 
044 |a xo 
100 1 |a Greculová, Monika,  |d 1988-  |4 aut  |u V  |T SvF Stavebná fakulta  |X 67474  |U V  |Y 10  |7 A000067474 
242 0 0 |a Utilization of the natural healing spring in Oravská Polhora  |y eng 
245 1 |a Návrh využívania prírodného liečivého zdroja 
260 |a Bratislava :  |b STU v Bratislave SvF,  |c 2014 
650 7 |a krajinárstvo a krajinné plánovanie  |2 stusub 
650 7 |a Landscaping and Landscape Planning  |2 estusub 
650 7 |a mineral water  |2 estusub 
650 7 |a natural healing source  |2 estusub 
650 7 |a technické vybavenie  |2 stusub 
700 1 |a Božíková, Jarmila,  |d 1955-  |4 ths  |u V280  |U SvF Stavebná fakulta  |T SvF Katedra zdravotného inžinierstva  |X 775  |U V280  |Y 29  |7 A000000775 
856 4 |a info a plný text  |u http://is.stuba.sk/zp/portal_zp.pl?podrobnosti=100542  |3 VAIS